| 000 | 01412cam a22003857a 4500 | ||
|---|---|---|---|
| 001 | 15166196 | ||
| 003 | ARRUPE | ||
| 005 | 20221129145309.0 | ||
| 008 | 080204s2007 enk b 001 0 eng | ||
| 010 | _a 2008360548 | ||
| 015 |
_aGBA706091 _2bnb |
||
| 016 | 7 |
_a013650214 _2Uk |
|
| 020 | _a9780091917036 (pbk.) | ||
| 020 | _a0091917034 (pbk.) | ||
| 028 | _bArrupe | ||
| 035 | _a(OCoLC)ocm80331675 | ||
| 040 |
_aUKM _cUKM _dBAKER _dYDXCP _dDLC |
||
| 042 | _alccopycat | ||
| 050 | 0 | 0 |
_aRC567 _b.R54 2007 |
| 082 | 0 | 4 |
_a613.85 _222 |
| 100 | 1 |
_aRiley, Gillian. _952076 |
|
| 245 | 1 | 0 |
_aHow to stop smoking and stay stopped for good / _cGillian Riley. |
| 250 | _aFully rev. and updated. | ||
| 260 |
_aLondon : _bVermilion, _c2007. |
||
| 300 |
_a207157 p. ; _c20 cm. |
||
| 500 | _aPrevious ed.: 2003. | ||
| 504 | _aIncludes bibliographical references and index. | ||
| 650 | 0 |
_aSmoking cessation. _952077 |
|
| 856 | 4 | 1 |
_3Table of contents only _uhttp://www.loc.gov/catdir/toc/fy0803/2008360548.html |
| 856 | 4 | 2 |
_3Contributor biographical information _uhttp://www.loc.gov/catdir/enhancements/fy0809/2008360548-b.html |
| 856 | 4 | 2 |
_3Publisher description _uhttp://www.loc.gov/catdir/enhancements/fy0809/2008360548-d.html |
| 906 |
_a7 _bcbc _ccopycat _d3 _encip _f20 _gy-gencatlg |
||
| 942 |
_2lcc _cMONOGRAPH |
||
| 999 |
_c131596 _d131596 |
||